000
00228nam a22000857a 4500
008
170121b xxu||||| |||| 00| 0 eng d
100
_9
2523
_a
Hats.N.
245
_a
Reader for sustained Silent reading-3
260
_a
Mumbai
_b
Chetana
_c
2015
999
_c
5607
_d
5607